Music Quiz

Random Music or Clickable Quiz

Match the Band Member Quiz Stats

 Plays Quiz not verified by Sporcle

Challenge
Share
Tweet
Embed
Score 0/10 Timer 02:00
0 Plays Today
% Correct
Blink-182
80.4%
Fall Out Boy
73.9%
Weezer
71.7%
My Chemical Romance
45.7%
Twenty One Pilots
43.5%
Arctic Monkeys
41.3%
Vampire Weekend
39.1%
All Time Low
39.1%
Panic! at the Disco
34.8%
Paramore
32.6%

You're not logged in!

Compare scores with friends on all Sporcle quizzes.
Join for Free
OR
Log In

You Might Also Like...

Show Comments

Extras

Created Nov 30, 2014ReportNominate
Tags:Clickable Quiz

Top Quizzes Today


Score Distribution

Your Account Isn't Verified!

In order to create a playlist on Sporcle, you need to verify the email address you used during registration. Go to your Sporcle Settings to finish the process.

Report this User

Report this user for behavior that violates our Community Guidelines.

Details: